| 000 | 01166nam a2200337 a 4500 | ||
|---|---|---|---|
| 001 | 000110806 | ||
| 003 | CHAP | ||
| 005 | 20220329144147.0 | ||
| 008 | 141007s2013 mx |s| ||||||spa d | ||
| 010 | _a107268 | ||
| 011 | _a108240 | ||
| 020 | _a9786071203144 | ||
| 040 | _cCHAP | ||
| 090 | _aCD-440 | ||
| 100 | 0 | 0 |
_aSalas González, José María. _9101305 |
| 245 | 1 | 0 |
_aDiagnóstico del sector pecuario en el Estado de Guanajuato _h[Disco compacto] _cpor José María Salas González, Leticia Myriam Sagarnaga Villegas y Fernando González Cerón. |
| 260 |
_aChapingo, Méx. : _bUACH., _c2013. |
||
| 300 |
_a1 CD ROM ; _c4 3/4 plg. . |
||
| 590 |
_aE5765TAJ _b05 _c20141007 _lUCH01 _h0849 |
||
| 590 |
_aE5765TAJ _b05 _c20141007 _lUCH01 _h0849 |
||
| 650 | 1 | 4 |
_aCarne de res _xMercadeo. _919210 |
| 650 | 1 | 4 |
_aCarne de res _xProducción. _919222 |
| 650 | 1 | 4 |
_aGanado vacuno _xMercadeo _zGuanajuato. _945489 |
| 650 | 1 | 4 |
_aGanado vacuno _xProducción. _945506 |
| 650 | 1 | 4 |
_aGanado vacuno _xRendimiento. _9126473 |
| 700 | 0 |
_aGonzález Cerón, Fernando. _948783 |
|
| 700 | 0 |
_aSagarnaga Villegas, Leticia Myriam. _9101176 |
|
| 901 | _aBK | ||
| 942 | _cCD | ||
| 942 | _n0 | ||
| 999 |
_c107268 _d107268 |
||